00309 a2200109 450000500170000002000220001708200120003910000170005124500380006826000360010630000570014220250629095142.0 a978-93-5084-871-5 a657 PRA aPRASAD, C .M aFinancial Accounting and Analysis aNew DelhibCentrum Pressc2016. aviii,280p.: ill.; figuresbBibliography, Indexc23cm